Cisneros / (Record no. 5764)
[ view plain ]
| 000 -CABECERA | |
|---|---|
| campo de control de longitud fija | 00766nam a2200217 a 4500 |
| 001 - NÚMERO DE CONTROL | |
| campo de control | 000005968 |
| 005 - FECHA Y HORA DE LA ÚLTIMA TRANSACCIÓN | |
| campo de control | 20200929151850.0 |
| 008 - DATOS DE LONGITUD FIJA--INFORMACIÓN GENERAL | |
| campo de control de longitud fija | 811231s1957 sp 000 0 spa |
| 040 ## - FUENTE DE LA CATALOGACIÓN | |
| Centro catalogador/agencia de origen | DO-SdBNP |
| Lengua de catalogación | spa |
| Centro/agencia transcriptor | BNPHU |
| 082 ## - NÚMERO DE LA CLASIFICACIÓN DECIMAL DEWEY | |
| Número de clasificación | 922.246 |
| Número de documento/Ítem | C579S, 1957. |
| 100 1# - ENTRADA PRINCIPAL--NOMBRE DE PERSONA | |
| Nombre de persona | Santa Marina, Luys. |
| Forma completa/desarrollada del nombre | (Luis Narciso Gregorio Gutiérrez Santa Marina), |
| Fechas asociadas al nombre | 1898-1980. |
| 9 (RLIN) | 16818 |
| 245 10 - MENCIÓN DE TÍTULO | |
| Título | Cisneros / |
| Mención de responsabilidad, etc. | Luys Santa Marina. |
| 250 ## - MENCIÓN DE EDICIÓN | |
| Mención de edición | 5a ed. |
| 260 ## - PUBLICACIÓN, DISTRIBUCIÓN, ETC. | |
| Lugar de publicación, distribución, etc. | Madrid : |
| Nombre del editor, distribuidor, etc. | Espasa-Calpe, |
| Fecha de publicación, distribución, etc. | 1957. |
| 300 ## - DESCRIPCIÓN FÍSICA | |
| Extensión | 162 p. ; |
| Dimensiones | 18 cm. |
| 490 0# - MENCIÓN DE SERIE | |
| Mención de serie | Austral |
| Designación de volumen o secuencia | 157 |
| 600 14 - PUNTO DE ACCESO ADICIONAL DE MATERIA--NOMBRE DE PERSONA | |
| Nombre de persona | JIMÉNEZ DE CISNEROS, FRANCISCO, |
| Títulos y otros términos asociados al nombre | CARDENAL |
| Fechas asociadas al nombre | 1436?-1517. |
| 9 (RLIN) | 16819 |
| 651 #4 - PUNTO DE ACCESO ADICIONAL DE MATERIA--NOMBRE GEOGRÁFICO | |
| Nombre geográfico | España |
| Subdivisión general | Historia |
| -- | Fernando E Isabel |
| Subdivisión cronológica | 1479-1516 |
| 9 (RLIN) | 16820 |
| 651 #4 - PUNTO DE ACCESO ADICIONAL DE MATERIA--NOMBRE GEOGRÁFICO | |
| Nombre geográfico | España |
| Subdivisión general | Historia |
| -- | Carlos I |
| Subdivisión cronológica | 1516-1556 |
| 9 (RLIN) | 16821 |
| 830 #0 - PUNTO DE ACCESO ADICIONAL DE SERIE-TÍTULO UNIFORME | |
| Título uniforme | Austral ; |
| Número de parte o sección de la obra | 157 |
| 9 (RLIN) | 16822 |
| Estado de retiro | Estado de pérdida | Restricciones de uso | No para préstamo | Código de colección | Localización permanente | Ubicación/localización actual | Ubicación en estantería | Fecha de adquisición | Número de inventario | Total de préstamos | Signatura topográfica completa | Código de barras | Fecha visto por última vez | Precio válido a partir de | Tipo de ítem Koha | Número de copia |
|---|---|---|---|---|---|---|---|---|---|---|---|---|---|---|---|---|
| Monografías: Libros y Folletos | General | General | En catalogación | 24.08.2009 | LF1 | 922.246 C579S, 1957. | 5968-10 | 25.06.2020 | 25.06.2020 | Préstamo en sala | ||||||
| Extraviado | Préstamo restringido | Préstamo restrigido | Monografías: Libros y Folletos | General | General | Extraviado | 03.09.2009 | LF1 | 922.246 C579S, 1957. | 5968-20 | 25.06.2020 | 25.06.2020 | Préstamo interno | e.2 | ||
| Extraviado | Excluido de préstamo | Monografías: Libros y Folletos | General | General | Extraviado | 07.06.2017 | LF1 | 922.246 C579S, 1957. | 5968-30 | 25.06.2020 | 25.06.2020 | No se presta | e. 3 |
